Mathematics for Modern Economics
Guardado en:
| Autor principal: | |
|---|---|
| Formato: | Libro |
| Lenguaje: | inglés |
| Publicado: |
London
Fontana
1972
|
| Edición: | 1. ed. |
| Etiquetas: |
Sin Etiquetas, Sea el primero en etiquetar este registro!
|
MARC
| LEADER | 00000nam a2200000 4500 | ||
|---|---|---|---|
| 001 | c034214 | ||
| 005 | 20221220102212.8 | ||
| 041 | 0 | |a eng | |
| 044 | |a GB | ||
| 245 | 1 | 0 | |a Mathematics for Modern Economics |c Richard Morley |
| 250 | |a 1. ed. | ||
| 264 | 1 | |a London |b Fontana |c 1972 | |
| 300 | |a 285 s. | ||
| 100 | 1 | |a Morley, Richard | |